Statistics for Itis means inflammation.

Click here to take the quiz!

General Stats

  • This quiz has been taken 1,239 times
  • The average score is 14 of 20

Answer Stats

HintAnswer% Correct
Dermatitisskin
95%
Pneumonitislung
94%
Gingivitisgum
92%
Rhinitisnose
92%
Hepatitisliver
91%
Endocarditisheart
85%
Encephalitisbrain
82%
Nephritiskidney
82%
Osteitisbone
80%
Laryingitislarynx
72%
Mastitisbreast
66%
Arteritisartery
65%
Cholecystitisgall bladder
61%
Keratitiseye
58%
Labyrinthitisear
57%
Diverticulitisbowel
52%
Cystitisbladder
50%
Phlebitisvein
47%
Orchitistesticle
23%
Salpingitisfallopian tube
3%

Score Distribution

Percentile by Number Answered

Percent of People with Each Score

Your Score History

You have not taken this quiz